[Event "MCR druzstev mladsich zaku 2015"]
[Site "Hradec Kralove"]
[Date "2015.06.12"]
[Round "1.18"]
[White "Duriancik (Policka), Michal"]
[Black "Balinova (Usti n. L.), Nicol"]
[Result "1-0"]
[BlackElo "1000"]
[WhiteElo "1282"]
[LiveChessVersion "1.4.4"]

1. e4 {[%clk 0:25:18]} e5 {[%clk 0:25:24]} 2. Nf3 {[%clk 0:25:34]} Nc6
{[%clk 0:25:26]} 3. Nc3 Bc5 {[%clk 0:25:28]} 4. Nxe5 {[%clk 0:25:34]} Nxe5
{[%clk 0:25:20]} 5. d4 Nc6 {[%clk 0:25:15]} 6. dxc5 {[%clk 0:25:44]} Nf6 7. Bg5
{[%clk 0:25:27]} h6 {[%clk 0:25:06]} 8. Bh4 {[%clk 0:25:27]} g5 9. Bg3
{[%clk 0:25:28]} Nh5 {[%clk 0:24:41]} 10. Qxh5 {[%clk 0:25:00]} Ne7
{[%clk 0:22:57]} 11. Bc4 {[%clk 0:24:10]} Rh7 {[%clk 0:22:45]} 12. O-O Ng6
{[%clk 0:21:59]} 13. Nd5 {[%clk 0:21:24]} Rb8 {[%clk 0:21:01]} 14. Bxc7
{[%clk 0:21:09]} Qxc7 {[%clk 0:21:01]} 15. Nxc7+ {[%clk 0:21:12]} Kd8
{[%clk 0:21:01]} 16. Nd5 {[%clk 0:20:30]} b6 {[%clk 0:20:53]} 17. cxb6
{[%clk 0:20:19]} axb6 {[%clk 0:20:51]} 18. Bd3 {[%clk 0:19:10]} b5
{[%clk 0:20:25]} 19. e5 {[%clk 0:18:39]} Nf4 20. Nxf4 {[%clk 0:18:32]} gxf4
{[%clk 0:20:29]} 21. Bxh7 {[%clk 0:18:19]} d5 {[%clk 0:19:50]} 22. Qxf7 Rb7
{[%clk 0:19:31]} 23. Qxd5+ {[%clk 0:16:52]} Bd7 {[%clk 0:19:01]} 24. Qxb7
{[%clk 0:16:24]} Ke8 {[%clk 0:18:54]} 25. Rfd1 {[%clk 0:17:58]} Bc8
{[%clk 0:18:35]} 26. Bg6+ {[%clk 0:17:44]} Kf8 {[%clk 0:18:37]} 27. Qf7#
{[%clk 0:17:36]} 1-0

[Event "MCR druzstev mladsich zaku 2015"]
[Site "Hradec Kralove"]
[Date "2015.06.12"]
[Round "2.1"]
[White "Mica (BSS F-M \"A\"), Marek"]
[Black "Vantuch (BSS F-M \"B\"), Lucian"]
[Result "0-1"]
[BlackElo "1624"]
[WhiteElo "1663"]
[LiveChessVersion "1.4.4"]

1. d4 {[%clk 0:25:15]} e6 {[%clk 0:25:18]} 2. c4 {[%clk 0:25:20]} Bb4+
{[%clk 0:24:27]} 3. Nd2 {[%clk 0:25:21]} c5 {[%clk 0:22:22]} 4. Ngf3
{[%clk 0:25:11]} Na6 {[%clk 0:19:59]} 5. a3 {[%clk 0:25:14]} Bxd2+
{[%clk 0:19:46]} 6. Qxd2 {[%clk 0:25:06]} Nf6 {[%clk 0:19:54]} 7. b3
{[%clk 0:24:54]} O-O {[%clk 0:18:47]} 8. e3 {[%clk 0:24:52]} b6 {[%clk 0:18:05]}
9. Bb2 {[%clk 0:24:25]} Bb7 {[%clk 0:17:43]} 10. Be2 {[%clk 0:24:21]} Ne4
{[%clk 0:17:44]} 11. Qc2 {[%clk 0:24:27]} d5 {[%clk 0:17:16]} 12. O-O
{[%clk 0:24:17]} Rc8 {[%clk 0:16:26]} 13. Qd1 {[%clk 0:23:43]} Qe7
{[%clk 0:15:32]} 14. cxd5 {[%clk 0:22:43]} exd5 {[%clk 0:15:28]} 15. Rc1
{[%clk 0:22:48]} Rfd8 {[%clk 0:15:05]} 16. Nd2 {[%clk 0:21:51]} cxd4
{[%clk 0:13:57]} 17. Bxd4 {[%clk 0:21:24]} Rxc1 {[%clk 0:13:10]} 18. Qxc1
{[%clk 0:21:30]} Rc8 {[%clk 0:13:19]} 19. Qb2 {[%clk 0:21:36]} Nxd2
{[%clk 0:11:05]} 20. Qxd2 {[%clk 0:21:43]} Qxa3 {[%clk 0:10:38]} 21. Rb1
{[%clk 0:16:27]} Qe7 {[%clk 0:09:27]} 22. Qb2 {[%clk 0:16:29]} f6
{[%clk 0:09:23]} 23. b4 {[%clk 0:15:26]} Nxb4 {[%clk 0:08:43]} 24. Bxf6
{[%clk 0:13:27]} gxf6 {[%clk 0:08:09]} 25. Bg4 {[%clk 0:13:28]} Rc2
{[%clk 0:06:11]} 26. Qb3 {[%clk 0:12:40]} Qc5 {[%clk 0:05:47]} 27. Be6+
{[%clk 0:11:40]} Kh8 {[%clk 0:05:52]} 28. Rf1 {[%clk 0:10:12]} Ba6
{[%clk 0:04:59]} 29. Rd1 {[%clk 0:06:47]} Rc1 {[%clk 0:04:01]} 30. h3
{[%clk 0:06:30]} Qc4 {[%clk 0:03:24]} 31. Qa4 {[%clk 0:05:34]} Qc6
{[%clk 0:02:50]} 32. Qxb4 {[%clk 0:02:49]} Rxd1+ {[%clk 0:02:57]} 33. Kh2
{[%clk 0:02:58]} Qc5 {[%clk 0:01:51]} 34. Qa4 {[%clk 0:03:02]} Qd6+
{[%clk 0:01:34]} 35. g3 {[%clk 0:03:10]} Qxe6 {[%clk 0:01:39]} 36. Qxa6
{[%clk 0:03:17]} Qd7 {[%clk 0:01:24]} 37. Qa3 {[%clk 0:03:21]} Kg7
{[%clk 0:01:24]} 38. Qb3 {[%clk 0:03:15]} Rc1 {[%clk 0:01:31]} 39. Qd3
{[%clk 0:03:17]} Rc7 {[%clk 0:01:36]} 40. Qd4 {[%clk 0:03:14]} a5
{[%clk 0:01:45]} 41. f4 {[%clk 0:03:07]} Rc2+ {[%clk 0:01:49]} 42. Kg1
{[%clk 0:03:14]} Qb5 {[%clk 0:01:52]} 43. Qd1 {[%clk 0:03:10]} Qe2
{[%clk 0:01:49]} 44. Qxe2 {[%clk 0:03:14]} Rxe2 {[%clk 0:01:58]} 45. g4
{[%clk 0:03:18]} Rb2 {[%clk 0:02:07]} 46. h4 {[%clk 0:03:24]} a4 {[%clk 0:02:15]}
47. g5 {[%clk 0:03:32]} a3 {[%clk 0:02:24]} 48. h5 {[%clk 0:03:39]} fxg5
{[%clk 0:02:32]} 49. fxg5 {[%clk 0:03:47]} a2 {[%clk 0:02:41]} 50. g6
{[%clk 0:03:49]} a1=Q# {[%clk 0:02:49]} 0-1

[Event "MCR druzstev mladsich zaku 2015"]
[Site "Hradec Kralove"]
[Date "2015.06.12"]
[Round "2.2"]
[White "Frank (BSS F-M \"B\"), Adam"]
[Black "Stalmach (BSS F-M \"A\"), Richard"]
[Result "0-1"]
[BlackElo "1659"]
[WhiteElo "1640"]
[LiveChessVersion "1.4.4"]

1. e4 {[%clk 0:25:18]} e6 {[%clk 0:25:15]} 2. d4 {[%clk 0:25:27]} d5
{[%clk 0:25:19]} 3. Nd2 {[%clk 0:25:35]} Nf6 {[%clk 0:25:23]} 4. e5
{[%clk 0:25:43]} Nfd7 {[%clk 0:25:26]} 5. Bd3 {[%clk 0:25:50]} c5
{[%clk 0:25:05]} 6. c3 {[%clk 0:25:57]} Nc6 {[%clk 0:24:34]} 7. Ne2
{[%clk 0:25:53]} a6 {[%clk 0:24:29]} 8. Nf3 {[%clk 0:25:41]} b5 {[%clk 0:24:14]}
9. O-O {[%clk 0:25:01]} Qb6 {[%clk 0:23:44]} 10. Be3 {[%clk 0:24:30]} Bb7
{[%clk 0:23:12]} 11. Ng3 {[%clk 0:23:27]} Be7 {[%clk 0:22:26]} 12. Qc2
{[%clk 0:23:18]} cxd4 {[%clk 0:19:27]} 13. cxd4 {[%clk 0:22:53]} Nb4
{[%clk 0:18:59]} 14. Qd2 {[%clk 0:22:21]} Nxd3 {[%clk 0:17:13]} 15. Qxd3
{[%clk 0:22:22]} a5 {[%clk 0:16:50]} 16. Rac1 {[%clk 0:21:56]} b4
{[%clk 0:16:42]} 17. Rfd1 {[%clk 0:21:10]} Ba6 {[%clk 0:15:18]} 18. Qd2
{[%clk 0:20:11]} a4 {[%clk 0:14:07]} 19. Nh5 {[%clk 0:18:49]} Rg8
{[%clk 0:12:03]} 20. Bg5 {[%clk 0:14:32]} Bf8 {[%clk 0:11:17]} 21. Bh4
{[%clk 0:13:45]} b3 {[%clk 0:10:22]} 22. axb3 {[%clk 0:11:41]} Bb4
{[%clk 0:10:20]} 23. Qg5 {[%clk 0:10:52]} g6 {[%clk 0:08:52]} 24. Nf6+ Nxf6
{[%clk 0:08:56]} 25. Qxf6 {[%clk 0:10:28]} Qb7 {[%clk 0:08:47]} 26. Ng5
{[%clk 0:09:07]} Be2 {[%clk 0:07:39]} 27. Nxh7 {[%clk 0:08:06]} Bxd1
{[%clk 0:07:40]} 28. Qf4 {[%clk 0:04:32]} Be7 {[%clk 0:01:13]} 29. Rxd1
{[%clk 0:02:30]} axb3 {[%clk 0:00:56]} 30. h3 {[%clk 0:02:12]} Ra2
{[%clk 0:01:00]} 31. Bxe7 {[%clk 0:01:41]} Kxe7 {[%clk 0:01:06]} 32. Qf6+
{[%clk 0:01:28]} Ke8 {[%clk 0:01:13]} 33. Rc1 {[%clk 0:01:01]} Rxb2
{[%clk 0:00:42]} 34. Ng5 {[%clk 0:00:47]} Rc2 {[%clk 0:00:47]} 35. Ra1
{[%clk 0:00:44]} Rf8 {[%clk 0:00:36]} 36. Nxe6 {[%clk 0:00:27]} fxe6
{[%clk 0:00:37]} 37. Qxe6+ {[%clk 0:00:35]} Kd8 {[%clk 0:00:43]} 38. Qd6+
{[%clk 0:00:44]} Kc8 {[%clk 0:00:12]} 39. Qe6+ {[%clk 0:00:45]} Kb8
{[%clk 0:00:11]} 40. Qd6+ {[%clk 0:00:50]} Qc7 {[%clk 0:00:19]} 41. Qxf8+
{[%clk 0:00:55]} Kb7 {[%clk 0:00:25]} 42. Qb4+ {[%clk 0:01:03]} Qb6
{[%clk 0:00:33]} 43. Qe7+ {[%clk 0:01:10]} Rc7 {[%clk 0:00:39]} 44. Qd6
{[%clk 0:00:36]} Qxd6 {[%clk 0:00:28]} 45. exd6 {[%clk 0:00:42]} b2
{[%clk 0:00:35]} 46. Rf1 {[%clk 0:00:20]} Rc1 {[%clk 0:00:40]} 47. d7
{[%clk 0:00:28]} Rxf1+ {[%clk 0:00:47]} 48. Kxf1 {[%clk 0:00:36]} b1=Q+
{[%clk 0:00:53]} 49. Ke2 {[%clk 0:00:45]} Kc7 {[%clk 0:01:02]} 50. g4
{[%clk 0:00:53]} Kxd7 {[%clk 0:01:10]} 51. h4 {[%clk 0:01:03]} Qe4+
{[%clk 0:01:18]} 52. Kf1 {[%clk 0:01:09]} Qxg4 {[%clk 0:01:26]} 53. Ke1
{[%clk 0:01:17]} Qxh4 {[%clk 0:01:35]} 54. Kd2 {[%clk 0:01:24]} Kc6
{[%clk 0:01:43]} 55. Kc3 {[%clk 0:01:33]} Kb5 {[%clk 0:01:52]} 56. f3
{[%clk 0:01:41]} Qf2 {[%clk 0:01:58]} 57. f4 {[%clk 0:01:50]} Qxf4
{[%clk 0:02:06]} 58. Kd3 {[%clk 0:01:58]} Qe4+ {[%clk 0:02:14]} 59. Kc3
{[%clk 0:02:07]} Qe3+ {[%clk 0:02:23]} 60. Kc2 {[%clk 0:02:13]} Qxd4
{[%clk 0:02:32]} 61. Kb3 {[%clk 0:02:20]} Qd2 {[%clk 0:02:37]} 62. Ka3
{[%clk 0:02:26]} Kc4 {[%clk 0:02:45]} 0-1

[Event "MCR druzstev mladsich zaku 2015"]
[Site "Hradec Kralove"]
[Date "2015.06.12"]
[Round "2.3"]
[White "Gnojek (BSS F-M \"A\"), Petr"]
[Black "Mavrev (BSS F-M \"B\"), David"]
[Result "1-0"]
[BlackElo "1537"]
[WhiteElo "1605"]
[LiveChessVersion "1.4.4"]

1. d4 {[%clk 0:25:19]} d5 {[%clk 0:25:11]} 2. Nf3 {[%clk 0:25:27]} Nf6
{[%clk 0:25:01]} 3. c4 {[%clk 0:25:34]} c6 {[%clk 0:25:07]} 4. Nc3
{[%clk 0:25:39]} e6 {[%clk 0:24:54]} 5. Bg5 {[%clk 0:25:37]} Be7 {[%clk 0:24:03]}
6. e3 {[%clk 0:25:38]} Nbd7 {[%clk 0:24:00]} 7. Be2 {[%clk 0:25:21]} h6
{[%clk 0:23:57]} 8. Bh4 {[%clk 0:25:20]} dxc4 {[%clk 0:22:22]} 9. Bxc4
{[%clk 0:25:23]} Nb6 {[%clk 0:22:30]} 10. Bd3 {[%clk 0:25:21]} Bd7
{[%clk 0:20:32]} 11. O-O {[%clk 0:25:17]} O-O {[%clk 0:20:30]} 12. Bc2
{[%clk 0:24:52]} Nbd5 {[%clk 0:20:03]} 13. Nxd5 {[%clk 0:24:35]} cxd5
{[%clk 0:19:26]} 14. Qd3 {[%clk 0:24:04]} Ne4 {[%clk 0:19:24]} 15. Bxe7
{[%clk 0:23:56]} Qxe7 {[%clk 0:19:33]} 16. Nd2 Nf6 {[%clk 0:19:24]} 17. e4
{[%clk 0:23:26]} dxe4 {[%clk 0:16:14]} 18. Nxe4 {[%clk 0:23:21]} g6
{[%clk 0:16:17]} 19. Qe3 {[%clk 0:22:11]} Kg7 {[%clk 0:15:40]} 20. f4
{[%clk 0:21:16]} Rac8 {[%clk 0:14:41]} 21. Rac1 {[%clk 0:20:49]} Nd5
{[%clk 0:14:29]} 22. Qf3 {[%clk 0:20:10]} f5 {[%clk 0:13:04]} 23. Nc5
{[%clk 0:19:12]} b6 {[%clk 0:11:15]} 24. Nxd7 {[%clk 0:18:58]} Qxd7 25. Rfe1
{[%clk 0:18:42]} Rfe8 {[%clk 0:11:28]} 26. Bb3 {[%clk 0:18:20]} Rxc1
{[%clk 0:10:24]} 27. Rxc1 {[%clk 0:18:15]} Nf6 {[%clk 0:10:29]} 28. Rd1
{[%clk 0:17:39]} Re7 {[%clk 0:09:02]} 29. d5 {[%clk 0:16:11]} e5 {[%clk 0:08:14]}
30. fxe5 {[%clk 0:15:40]} Rxe5 {[%clk 0:08:13]} 31. Qc3 {[%clk 0:14:37]} Re7
{[%clk 0:04:42]} 32. d6 {[%clk 0:14:08]} Re8 {[%clk 0:04:18]} 33. Qb4
{[%clk 0:06:06]} Re4 {[%clk 0:02:54]} 34. Qa3 {[%clk 0:05:25]} a5
{[%clk 0:02:00]} 35. Bd5 {[%clk 0:04:00]} Nxd5 {[%clk 0:01:05]} 36. Rxd5
{[%clk 0:04:05]} Kh7 {[%clk 0:01:07]} 37. Qc3 {[%clk 0:03:53]} Qe6
{[%clk 0:00:54]} 38. Rd1 {[%clk 0:02:46]} Qd7 {[%clk 0:00:26]} 39. Qc7 Qxc7
{[%clk 0:00:27]} 40. dxc7 {[%clk 0:03:00]} Rc4 {[%clk 0:00:36]} 41. Rd7+
{[%clk 0:03:09]} Kg8 {[%clk 0:00:42]} 42. Rd8+ {[%clk 0:03:17]} Kf7
{[%clk 0:00:51]} 43. c8=Q Rxc8 {[%clk 0:00:53]} 44. Rxc8 {[%clk 0:03:33]} Ke7
{[%clk 0:01:00]} 45. Rc6 {[%clk 0:03:42]} 1-0

[Event "MCR druzstev mladsich zaku 2015"]
[Site "Hradec Kralove"]
[Date "2015.06.12"]
[Round "2.4"]
[White "Odstrcil (BSS F-M \"B\"), Lukas"]
[Black "Krejcok (BSS F-M \"A\"), Tobias"]
[Result "1/2-1/2"]
[BlackElo "1605"]
[WhiteElo "1498"]
[LiveChessVersion "1.4.4"]

1. e4 {[%clk 0:25:18]} c5 {[%clk 0:25:11]} 2. Nf3 {[%clk 0:25:26]} Nc6
{[%clk 0:25:14]} 3. d4 {[%clk 0:25:33]} cxd4 {[%clk 0:25:12]} 4. Nxd4
{[%clk 0:25:41]} g6 {[%clk 0:25:07]} 5. Be3 Bg7 {[%clk 0:24:44]} 6. c3
{[%clk 0:25:19]} Nf6 {[%clk 0:24:30]} 7. f3 {[%clk 0:25:16]} d6 {[%clk 0:24:13]}
8. Bb5 {[%clk 0:24:34]} Bd7 {[%clk 0:24:04]} 9. O-O {[%clk 0:24:39]} O-O
{[%clk 0:23:46]} 10. Nd2 {[%clk 0:24:12]} a6 {[%clk 0:23:13]} 11. Ba4
{[%clk 0:23:41]} Rc8 {[%clk 0:22:51]} 12. Bxc6 {[%clk 0:21:57]} Bxc6
{[%clk 0:22:43]} 13. N2b3 {[%clk 0:18:03]} Ba4 {[%clk 0:20:19]} 14. Qc2
{[%clk 0:15:38]} Qd7 {[%clk 0:19:10]} 15. Rad1 {[%clk 0:14:27]} Rc7
{[%clk 0:17:23]} 16. Ne2 {[%clk 0:13:49]} Qe6 {[%clk 0:16:22]} 17. Nf4
{[%clk 0:12:47]} Qe5 {[%clk 0:16:04]} 18. Nd5 {[%clk 0:09:15]} Nxd5
{[%clk 0:15:32]} 19. Rxd5 {[%clk 0:09:20]} Qe6 {[%clk 0:15:32]} 20. Qd2
{[%clk 0:08:25]} Bb5 {[%clk 0:15:08]} 21. Rd1 {[%clk 0:07:54]} Bc4
{[%clk 0:14:23]} 22. Nd4 {[%clk 0:07:14]} Qd7 {[%clk 0:13:16]} 23. Ra5
{[%clk 0:06:59]} Be6 {[%clk 0:12:15]} 24. Nxe6 {[%clk 0:06:42]} Qxe6
{[%clk 0:12:18]} 25. Bd4 {[%clk 0:06:23]} Rfc8 {[%clk 0:11:59]} 26. Bxg7
{[%clk 0:06:15]} Kxg7 {[%clk 0:12:07]} 27. Qd4+ {[%clk 0:05:49]} Kg8
{[%clk 0:11:41]} 28. e5 {[%clk 0:05:05]} Rc6 {[%clk 0:11:28]} 29. exd6
{[%clk 0:04:00]} Rxd6 {[%clk 0:11:11]} 30. Rd5 {[%clk 0:04:01]} Rcd8
{[%clk 0:10:58]} 31. c4 {[%clk 0:04:05]} b5 {[%clk 0:10:28]} 32. b3
{[%clk 0:03:55]} Rxd5 {[%clk 0:09:13]} 33. cxd5 {[%clk 0:03:44]} Qd6
{[%clk 0:09:21]} 34. b4 {[%clk 0:03:26]} e6 {[%clk 0:09:01]} 35. f4
{[%clk 0:02:39]} exd5 {[%clk 0:08:23]} 36. Rc1 {[%clk 0:02:02]} Re8
{[%clk 0:08:05]} 37. g3 {[%clk 0:01:37]} Qe6 {[%clk 0:07:47]} 38. Rd1
{[%clk 0:01:11]} Qe4 {[%clk 0:07:08]} 39. Qxd5 {[%clk 0:00:23]} Qxd5
{[%clk 0:06:57]} 40. Rxd5 {[%clk 0:00:32]} Re4 {[%clk 0:06:48]} 41. Rd6
{[%clk 0:00:39]} Rxb4 {[%clk 0:06:56]} 42. Rxa6 {[%clk 0:00:48]} Rb2
{[%clk 0:07:00]} 43. Ra8+ {[%clk 0:00:49]} Kg7 {[%clk 0:07:06]} 44. Ra6
{[%clk 0:00:56]} Kh6 {[%clk 0:06:56]} 45. h3 {[%clk 0:00:53]} Rc2
{[%clk 0:06:58]} 46. Ra5 {[%clk 0:00:57]} b4 {[%clk 0:07:01]} 47. Kf1
{[%clk 0:01:00]} Rh2 {[%clk 0:06:47]} 48. h4 {[%clk 0:01:09]} Rb2
{[%clk 0:06:27]} 49. Kg1 {[%clk 0:01:17]} b3 {[%clk 0:06:12]} 50. axb3
{[%clk 0:01:26]} Rxb3 {[%clk 0:06:21]} 51. Kg2 {[%clk 0:01:30]} Kg7
{[%clk 0:06:03]} 52. Ra6 {[%clk 0:01:35]} Rc3 {[%clk 0:06:06]} 53. Rb6
{[%clk 0:01:42]} Ra3 {[%clk 0:06:14]} 54. Rc6 {[%clk 0:01:50]} Rd3
{[%clk 0:06:22]} 55. Ra6 {[%clk 0:01:59]} Rb3 {[%clk 0:06:30]} 1/2-1/2

[Event "MCR druzstev mladsich zaku 2015"]
[Site "Hradec Kralove"]
[Date "2015.06.12"]
[Round "2.5"]
[White "Nytra (BSS F-M \"A\"), Ondrej"]
[Black "Gres (BSS F-M \"B\"), Michal"]
[Result "1-0"]
[BlackElo "1177"]
[WhiteElo "1707"]
[LiveChessVersion "1.4.4"]

1. e4 {[%clk 0:25:17]} c5 {[%clk 0:25:19]} 2. Nf3 {[%clk 0:25:24]} d6
{[%clk 0:25:27]} 3. d4 {[%clk 0:25:32]} cxd4 {[%clk 0:25:36]} 4. Nxd4
{[%clk 0:25:40]} Nf6 {[%clk 0:25:44]} 5. Nc3 {[%clk 0:25:47]} g6 {[%clk 0:25:50]}
6. Be2 {[%clk 0:25:51]} Bg7 {[%clk 0:25:52]} 7. O-O {[%clk 0:25:57]} Nc6
{[%clk 0:25:54]} 8. Nb3 {[%clk 0:26:04]} O-O {[%clk 0:26:01]} 9. Kh1
{[%clk 0:26:07]} Bd7 {[%clk 0:25:55]} 10. f4 {[%clk 0:26:03]} h6 {[%clk 0:24:45]}
11. f5 {[%clk 0:25:46]} Kh7 {[%clk 0:24:20]} 12. Qe1 {[%clk 0:25:13]} Qc8
{[%clk 0:23:02]} 13. Bd3 {[%clk 0:23:29]} Ne5 {[%clk 0:22:18]} 14. Qf2
{[%clk 0:23:00]} Nfg4 {[%clk 0:18:42]} 15. Qf4 {[%clk 0:21:46]} Nxd3
{[%clk 0:18:41]} 16. cxd3 {[%clk 0:21:51]} Nf6 {[%clk 0:18:00]} 17. Be3
{[%clk 0:20:20]} Nh5 {[%clk 0:17:27]} 18. Qg4 {[%clk 0:19:57]} Bxc3
{[%clk 0:16:43]} 19. bxc3 {[%clk 0:19:55]} Qxc3 {[%clk 0:16:46]} 20. fxg6+
{[%clk 0:19:59]} fxg6 {[%clk 0:16:23]} 21. Qxd7 {[%clk 0:19:29]} Rxf1+
{[%clk 0:15:13]} 22. Rxf1 {[%clk 0:19:36]} Qxd3 {[%clk 0:15:16]} 23. Qxe7+
{[%clk 0:19:32]} Ng7 {[%clk 0:15:09]} 24. Rf7 {[%clk 0:18:30]} Qxe3
{[%clk 0:12:35]} 25. Rxg7+ {[%clk 0:18:16]} Kh8 {[%clk 0:12:43]} 26. Rh7+
{[%clk 0:18:25]} Kg8 {[%clk 0:12:49]} 27. Qg7# 1-0

[Event "MCR druzstev mladsich zaku 2015"]
[Site "Hradec Kralove"]
[Date "2015.06.12"]
[Round "2.6"]
[White "Fizerova (BSS F-M \"B\"), Lucie"]
[Black "Laurincova (BSS F-M \"A\"), Kristyna"]
[Result "0-1"]
[BlackElo "1657"]
[WhiteElo "1289"]
[LiveChessVersion "1.4.4"]

1. e4 c5 {[%clk 0:25:19]} 2. d4 {[%clk 0:25:26]} cxd4 {[%clk 0:25:27]} 3. c3
{[%clk 0:25:35]} dxc3 {[%clk 0:25:34]} 4. Nxc3 {[%clk 0:25:43]} Nc6
{[%clk 0:25:21]} 5. Nf3 {[%clk 0:25:51]} e6 {[%clk 0:25:11]} 6. Bc4
{[%clk 0:25:58]} a6 {[%clk 0:23:26]} 7. O-O {[%clk 0:25:56]} b5 {[%clk 0:23:18]}
8. Bb3 {[%clk 0:26:00]} Bb7 {[%clk 0:23:12]} 9. Qe2 {[%clk 0:26:05]} Bc5
{[%clk 0:20:49]} 10. Rd1 {[%clk 0:25:51]} Nge7 {[%clk 0:20:23]} 11. Bf4
{[%clk 0:25:05]} O-O {[%clk 0:20:08]} 12. Rd2 {[%clk 0:24:31]} Ng6
{[%clk 0:19:00]} 13. Bg3 {[%clk 0:24:15]} Na5 {[%clk 0:17:12]} 14. Rad1
{[%clk 0:23:14]} Bc6 {[%clk 0:16:58]} 15. Nd4 {[%clk 0:18:59]} Bxd4
{[%clk 0:15:21]} 16. Rxd4 {[%clk 0:19:01]} Nxb3 {[%clk 0:15:06]} 17. axb3
{[%clk 0:19:07]} Qg5 {[%clk 0:11:39]} 18. Qe3 {[%clk 0:14:45]} Qxe3
{[%clk 0:11:34]} 19. fxe3 {[%clk 0:14:50]} Ne7 {[%clk 0:09:51]} 20. Bd6
{[%clk 0:14:11]} Rfe8 {[%clk 0:09:28]} 21. b4 {[%clk 0:08:28]} Kh8
{[%clk 0:07:28]} 22. Rf1 {[%clk 0:07:59]} Kg8 {[%clk 0:07:10]} 23. Ne2
{[%clk 0:07:04]} Nc8 {[%clk 0:06:01]} 24. Bc5 {[%clk 0:06:58]} Rd8
{[%clk 0:05:40]} 25. e5 {[%clk 0:06:49]} Re8 {[%clk 0:05:45]} 26. Rdf4
{[%clk 0:06:48]} Ne7 {[%clk 0:04:51]} 27. Rxf7 {[%clk 0:06:35]} Nf5
{[%clk 0:04:52]} 28. R7xf5 {[%clk 0:05:44]} exf5 {[%clk 0:04:54]} 29. Rxf5
{[%clk 0:05:51]} Be4 {[%clk 0:04:32]} 30. Rf4 {[%clk 0:05:37]} Rxe5
{[%clk 0:04:37]} 31. Nc3 {[%clk 0:05:23]} Bc6 {[%clk 0:03:41]} 32. Kf2
{[%clk 0:05:04]} Rae8 {[%clk 0:03:33]} 33. Bd4 {[%clk 0:03:37]} Rg5
{[%clk 0:03:35]} 34. g3 {[%clk 0:03:32]} Rf8 {[%clk 0:02:59]} 35. Rxf8+
{[%clk 0:03:26]} Kxf8 {[%clk 0:03:08]} 36. h4 {[%clk 0:03:29]} Rf5+
{[%clk 0:03:09]} 37. Ke2 {[%clk 0:03:27]} Kf7 {[%clk 0:02:52]} 38. e4
{[%clk 0:03:19]} Rh5 {[%clk 0:02:51]} 39. e5 {[%clk 0:02:27]} Rh6
{[%clk 0:02:54]} 40. Ke3 {[%clk 0:02:16]} Re6 {[%clk 0:02:41]} 41. Kf4
{[%clk 0:02:13]} g6 {[%clk 0:02:26]} 42. g4 {[%clk 0:01:45]} d6 {[%clk 0:01:50]}
43. exd6 {[%clk 0:01:17]} Rxd6 {[%clk 0:01:58]} 44. Bc5 {[%clk 0:01:04]} Rd2
{[%clk 0:02:00]} 45. b3 {[%clk 0:00:54]} Rd3 {[%clk 0:01:40]} 46. Ne4
{[%clk 0:00:48]} Bxe4 {[%clk 0:01:44]} 47. Kxe4 {[%clk 0:00:57]} Rxb3
{[%clk 0:01:53]} 48. Kd5 {[%clk 0:01:02]} Rg3 {[%clk 0:01:49]} 49. g5
{[%clk 0:01:08]} Rg4 {[%clk 0:01:54]} 50. Bf2 {[%clk 0:01:13]} Rxb4
{[%clk 0:02:01]} 51. Kc6 {[%clk 0:01:15]} Re4 {[%clk 0:01:56]} 52. Kb6
{[%clk 0:01:17]} Re6+ {[%clk 0:02:04]} 53. Ka5 {[%clk 0:01:24]} Ke7
{[%clk 0:02:09]} 54. Kb4 {[%clk 0:01:12]} Re4+ {[%clk 0:02:13]} 55. Ka5
{[%clk 0:01:19]} Ra4+ {[%clk 0:02:21]} 56. Kb6 {[%clk 0:01:27]} Ke6
{[%clk 0:02:28]} 57. Kc6 {[%clk 0:01:32]} Kf5 {[%clk 0:02:35]} 58. Kc5
{[%clk 0:01:31]} Kg4 {[%clk 0:02:39]} 59. Be1 {[%clk 0:01:26]} Kh3
{[%clk 0:02:45]} 60. Kb6 {[%clk 0:01:32]} Rxh4 {[%clk 0:02:50]} 61. Kxa6
{[%clk 0:01:40]} b4 {[%clk 0:02:53]} 62. Bd2 {[%clk 0:01:32]} b3 {[%clk 0:02:58]}
63. Bc1 {[%clk 0:01:40]} Rc4 {[%clk 0:03:06]} 64. Bb2 {[%clk 0:01:49]} Rc2
{[%clk 0:03:15]} 65. Bd4 {[%clk 0:01:56]} b2 {[%clk 0:03:22]} 66. Bxb2
{[%clk 0:02:04]} Rxb2 {[%clk 0:03:32]} 67. Ka5 {[%clk 0:02:11]} Rg2
{[%clk 0:03:38]} 68. Kb4 {[%clk 0:02:19]} Rxg5 {[%clk 0:03:47]} 69. Kc4
{[%clk 0:02:28]} Rf5 {[%clk 0:03:56]} 70. Kd4 {[%clk 0:02:37]} Kg4
{[%clk 0:04:03]} 71. Ke4 {[%clk 0:02:45]} h5 {[%clk 0:04:12]} 72. Ke3
{[%clk 0:02:53]} h4 {[%clk 0:04:21]} 73. Ke2 {[%clk 0:03:01]} h3 {[%clk 0:04:30]}
74. Ke1 {[%clk 0:03:10]} h2 {[%clk 0:04:39]} 75. Ke2 {[%clk 0:03:19]} h1=Q
{[%clk 0:04:47]} 76. Kd3 {[%clk 0:03:25]} Rf4 {[%clk 0:04:53]} 77. Ke3
{[%clk 0:03:34]} Qh3+ {[%clk 0:04:54]} 78. Ke2 {[%clk 0:03:42]} Ra4
{[%clk 0:05:01]} 79. Kf2 {[%clk 0:03:45]} Ra2+ {[%clk 0:05:10]} 80. Kg1
{[%clk 0:03:53]} Qe3+ {[%clk 0:05:16]} 81. Kh1 {[%clk 0:03:53]} Qc1# 0-1

[Event "MCR druzstev mladsich zaku 2015"]
[Site "Hradec Kralove"]
[Date "2015.06.12"]
[Round "2.7"]
[White "Koci (Loko Brno), Tomas"]
[Black "Ocko (Interchess), Dominik"]
[Result "0-1"]
[BlackElo "1677"]
[WhiteElo "1340"]
[LiveChessVersion "1.4.4"]

1. d4 {[%clk 0:25:13]} d5 {[%clk 0:25:18]} 2. Nf3 {[%clk 0:25:21]} Bf5
{[%clk 0:25:23]} 3. e3 {[%clk 0:25:13]} e6 {[%clk 0:25:10]} 4. Bd3
{[%clk 0:25:06]} Nf6 {[%clk 0:24:13]} 5. O-O {[%clk 0:25:04]} Bd6
{[%clk 0:24:06]} 6. b3 {[%clk 0:24:41]} O-O {[%clk 0:23:58]} 7. Bb2
{[%clk 0:24:44]} Nbd7 {[%clk 0:23:41]} 8. Nbd2 {[%clk 0:24:35]} Ne4
{[%clk 0:21:42]} 9. Ne5 {[%clk 0:20:21]} Nxe5 {[%clk 0:19:40]} 10. dxe5
{[%clk 0:20:17]} Be7 {[%clk 0:19:36]} 11. Nxe4 {[%clk 0:18:36]} Bxe4
{[%clk 0:17:54]} 12. Bxe4 {[%clk 0:17:39]} dxe4 13. Qe2 {[%clk 0:14:06]} c5
{[%clk 0:17:05]} 14. Ba3 {[%clk 0:11:48]} Qc7 {[%clk 0:16:38]} 15. Qc4
{[%clk 0:09:50]} Qxe5 {[%clk 0:16:15]} 16. Rad1 {[%clk 0:08:26]} Rfd8
{[%clk 0:15:54]} 17. b4 {[%clk 0:05:16]} b6 {[%clk 0:13:03]} 18. bxc5
{[%clk 0:04:02]} Bxc5 {[%clk 0:12:08]} 19. Bxc5 {[%clk 0:04:05]} bxc5
{[%clk 0:12:15]} 20. Qa6 {[%clk 0:02:56]} Qc7 {[%clk 0:10:28]} 21. h3
{[%clk 0:00:53]} h6 {[%clk 0:09:58]} 22. Rxd8+ {[%clk 0:00:33]} Rxd8
{[%clk 0:09:38]} 23. Rb1 {[%clk 0:00:13]} Rb8 {[%clk 0:09:14]} 24. Rxb8+
{[%clk 0:00:00]} 0-1